Meilleurs marqueurs en Ligue 1 - Statistiques

Statistiques générales
  • Ce quiz a été pris 115 fois
  • Le résultat moyen est 17 sur 33
Statistiques - réponses
Saison Pays d'origine Club Nombre de Buts Joueur % Correct
2018-2019 France Paris Saint-Germain 33 Kylian Mbappé
95%
2020-2021 France Paris Saint-Germain 27 Kylian Mbappé
95%
2021-2022 France Paris Saint-Germain 28 Kylian Mbappé
95%
2012-2013 Suède Paris Saint-Germain 30 Zlatan Ibrahimović
76%
2013-2014 Suède Paris Saint-Germain 26 Zlatan Ibrahimović
76%
2015-2016 Suède Paris Saint-Germain 38 Zlatan Ibrahimović
76%
2011-2012 France Montpellier HSC 21 Olivier Giroud
73%
1990-1991 France Olympique de Marseille 23 Jean-Pierre Papin
72%
1991-1992 France Olympique de Marseille 27 Jean-Pierre Papin
72%
2016-2017 Uruguay Paris Saint-Germain 35 Edinson Cavani
71%
2017-2018 Uruguay Paris Saint-Germain 28 Edinson Cavani
71%
2014-2015 France Olympique Lyonnais 27 Alexandre Lacazette
68%
2022-2023 Canada Lille OSC 19 Jonathan David
64%
2019-2020 France AS Monaco 18 Wissam Ben Yedder
63%
2007-2008 France Olympique Lyonnais 20 Karim Benzema
62%
2005-2006 Portugal Paris Saint-Germain 21 Pauleta
61%
2006-2007 Portugal Paris Saint-Germain 15 Pauleta
61%
2001-2002 France AJ Auxerre 22 Djibril Cissé
49%
2003-2004 France AJ Auxerre 26 Djibril Cissé
49%
2008-2009 France Toulouse FC 24 André-Pierre Gignac
44%
2009-2010 Sénégal Olympique de Marseille 18 Mamadou Niang
43%
1995-1996 Brésil AS Monaco 21 Sonny Anderson
40%
1999-2000 Brésil Olympique Lyonnais 23 Sonny Anderson
40%
2000-2001 Brésil Olympique Lyonnais 22 Sonny Anderson
40%
2010-2011 Sénégal Lille OSC 25 Moussa Sow
38%
2004-2005 Suisse Stade Rennais 20 Alexander Frei
36%
1996-1997 France Stade Rennais 22 Stéphane Guivarc'h
23%
1997-1998 France AJ Auxerre 21 Stéphane Guivarc'h
23%
2002-2003 RD Congo AS Monaco 26 Shabani Nonda
19%
1994-1995 France FC Nantes 22 Patrice Loko
17%
1998-1999 France Girondins de Bordeaux 22 Sylvain Wiltord
16%
1992-1993 Croatie Olympique de Marseille 23 Alen Bokšić
11%
1993-1994 France RC Lens 20 Roger Boli
8%
Aucun quiz correspondant
Distribution des résultats
% des personnes avec chaque résultat
Percentile par nombre de réponses
Votre historique - résultats
Vous n’avez pas pris ce quiz